Most Successful Countries in the FIFA World Cup - Statistics

General Stats
  • This quiz has been taken 53 times
  • The average score is 17 of 20
Answer Stats
Final-4
Record
Answer % Correct
5 Gold2 Silver
2 Bronze
Brazil
100%
4 Gold4 Silver 4 Bronze Germany
100%
3 Gold3 Silver Argentina
98%
2 Gold2 Silver 2 Bronze France
98%
4 Gold2 Silver 1 Bronze Italy
98%
3 Silver1 Bronze Netherlands
95%
1 Gold Spain
95%
2 Gold Uruguay
95%
1 Silver 2 Bronze Sweden
93%
1 Gold England
88%
1 Bronze Belgium
85%
1 Bronze Turkey
83%
1 Bronze Austria
76%
1 Bronze Chile
76%
1 Silver2 Bronze Croatia
76%
2 Silver Hungary
76%
2 Silver Czechoslovakia
73%
1 Bronze Portugal
73%
1 Bronze USA
68%
2 Bronze Poland
63%
No matching quizzes found
Score Distribution
Percent of People with Each Score
Percentile by Number Answered
Your Score History
You have not taken this quiz